Technológie zvárania tenkých oceľových plechov v automobilovom priemysle = Technologies of welding of thin steel armatures in automobile industry : Bakalárska práca

Guardado en:
Detalles Bibliográficos
Autor principal: Packo, Matej, 1985- (Autor)
Otros Autores: Bárta, Jozef, 1983- (xxx)
Formato: Manuscrito Libro
Lenguaje:eslovaco
Publicado: Trnava : STU v Bratislave MTF UVTE KZv, 2008
Materias:
Etiquetas: Agregar Etiqueta
Sin Etiquetas, Sea el primero en etiquetar este registro!

MARC

LEADER 00000ntm a22000003a 4500
001 stu171529
005 20160719155954.9
008 081006s2008----xo------------------slo-d
040 |a STU  |b slo 
041 0 |a slo 
044 |a xo 
100 1 |a Packo, Matej,  |d 1985-  |4 aut  |X 33642  |7 A000033642 
245 1 |a Technológie zvárania tenkých oceľových plechov v automobilovom priemysle = Technologies of welding of thin steel armatures in automobile industry :  |b Bakalárska práca 
260 |a Trnava :  |b STU v Bratislave MTF UVTE KZv,  |c 2008 
300 |a 52 s  |c 1 CD-ROM 
500 |a Odbor: technológie strojárskej výroby 
500 |a Zameranie: zváranie a spájanie materiálov 
650 7 |a zváranie laserom  |2 stusub 
650 7 |a odporové zváranie  |2 stusub 
650 7 |a tenké plechy  |2 stusub 
650 7 |a oceľové plechy  |2 stusub 
700 1 |a Bárta, Jozef,  |d 1983-  |4 xxx  |u M3000  |U MTF Materiálovotechnologická fakulta  |T MTF Ústav výrobných technológií  |X 27522  |U M3000  |Y 83  |7 A000027522 
996 |b 284M068706  |c M*BP-3290  |l MMSKP  |s P  |a 0  |w stu171529_0001